000 00759nam a2200181 4500
008 021030s1999 -hk chi
020 _a9628329235
090 _aBS1430.2
_bYe4
_b1999
100 1 _a楊牧谷 Yeung, Arnold
245 1 0 _a從哀傷到歡呼-詩篇與人生From sorrow to joy :
_bPsalm and life /
_c楊牧谷 Arnold Yeung.
260 _aHong Kong :
_b更新資源(香港)有限公司 Renewal Resource,
_cc1999.
300 _a328 p.
650 4 _aGrief
_xReligious aspects
_xChristianity{ch}.
650 4 _aJoy
_xReligious aspects
_xChristianity{ch}.
650 4 _a聖經舊約/詩篇Bible. O.T. Psalms
_xCriticism, interpretation, etc. {ch}.
951 _pC-4205
_x00027244
_oBS1430.2/Ye4/1999
_j070613111155515
_d2000-12-21
_cCH
999 _c13371
_d13371